Normal view MARC view
  • Porter, Thomas E.

Entry Personal Name

Number of records used in: 2

001 - CONTROL NUMBER

  • control field: 153685

003 - CONTROL NUMBER IDENTIFIER

  • control field: DLC

005 - DATE AND TIME OF LATEST TRANSACTION

  • control field: 20260415155808.0

008 - FIXED-LENGTH DATA ELEMENTS

  • fixed length control field: 871123n| azannaabn |n aaa

010 ## - LIBRARY OF CONGRESS CONTROL NUMBER

  • LC control number: n 87942565

035 ## - SYSTEM CONTROL NUMBER

  • System control number: (OCoLC)oca01986751

040 ## - CATALOGING SOURCE

  • Original cataloging agency: DLC
  • Language of cataloging: eng
  • Description conventions: rda
  • Transcribing agency: DLC
  • Modifying agency: NcU

046 ## - SPECIAL CODED DATES

  • Birth date: 19280113

100 1# - HEADING--PERSONAL NAME

  • Personal name: Porter, Thomas E.

370 ## - ASSOCIATED PLACE

  • Associated country: United States
  • Source of term: naf

373 ## - ASSOCIATED GROUP

  • Associated group: University of Detroit
  • Associated group: University of Texas at Arlington
  • Source of term: naf

374 ## - OCCUPATION

  • Occupation: Priests
  • Source of term: lcsh

375 ## - GENDER

  • Gender: male

377 ## - ASSOCIATED LANGUAGE

  • Language code: eng

670 ## - SOURCE DATA FOUND

  • Source citation: His The literate mind, c1987:
  • Information found: t.p. (Thomas E. Porter; Univ. of Texas at Arlington)

670 ## - SOURCE DATA FOUND

  • Source citation: Literature resource center WWW site, Jan. 8, 2014
  • Information found: (Thomas E. Porter; b. January 13, 1928, Cleveland, Ohio; Jesuit priest; professor of English, University of Detroit; author of Myth and Modern American Drama; coauthor of The Literate Mind)
Devinim Yazılım Eğitim Danışmanlık tarafından Koha'nın orjinal sürümü uyarlanarak geliştirilip kurulmuştur.